Asociaciones de archiveros de España [Recurs electrònic]
Descripción Física:
1 disc òptic (CD-ROM) ; 12 cm
MARC
| LEADER | 00000nmm a2200000Ia 4500 | ||
|---|---|---|---|
| 001 | 18018 | ||
| 003 | Arxiu | ||
| 005 | 20260324175317.0 | ||
| 007 | co aa aaaaa | ||
| 008 | 160829s2000 xx 000 0 cat d | ||
| 080 | |a CD-1-16 | ||
| 100 | |a Congreso Internacional de Archivos (14è : 2000, 21-26 set. : Sevilla) |9 26222 | ||
| 245 | |a Asociaciones de archiveros de España [Recurs electrònic] | ||
| 260 | |a Sevilla : |b Asociación de Archiveros de Andalucía, |c 2000 | ||
| 300 | |a 1 disc òptic (CD-ROM) ; |c 12 cm | ||
| 590 | |a Inclou memòries, activitats, bases de dades de socis i publicacions de cada associació territorial de l'estat espanyol | ||
| 590 | |a Requeriments mínims: processador Pentium 166, Microsoft Windows 95, 98 o 2000, 8Mb de memòria RAM, lector de CD-ROM 4x, o superiors. | ||
| 650 | 0 | |a Arxivística |x Congressos |9 24826 | |
| 650 | |a Arxivers |x Espanya |x Directoris |9 35984 | ||
| 655 | 0 | |9 54985 |a CD-ROMs | |
| 710 | 2 | |a Associació d'Arxivers de Catalunya |9 52966 | |
| 901 | |a Arxiu | ||
| 942 | |n 1 |2 udc | ||
| 952 | |0 0 |1 0 |4 0 |6 CD116 |7 1 |9 43924 |a Arxiu |b Arxiu |d 2016-12-01 |l 0 |o CD-1-16 |p 18018 |r 2016-12-01 00:00:00 |w 2016-12-01 |y ARXIU | ||
| 999 | |c 46504 |d 46504 | ||